Pays les plus boisés - Statistiques

Statistiques générales
  • Ce quiz a été pris 62 fois
  • Le résultat moyen est 4 sur 15
Statistiques - réponses
Pourcentage de boisés (%) Pays % Correct
66 Finlande
58%
68 Suède
58%
93 Suriname
51%
66 Japon
28%
71 Bhoutan
26%
70 Laos
26%
77 Papouasie-Nouvelle-Guinée
26%
88 Gabon
14%
87 Guinée équatoriale
12%
75 Saint-Vincent et les Grenadines
11%
75 Seychelles
11%
66 Brunéi
9%
87 Îles Salomon
9%
91 Micronésie
9%
79 Libéria
4%
Aucun quiz correspondant
Distribution des résultats
% des personnes avec chaque résultat
Percentile par nombre de réponses
Votre historique - résultats
Vous n’avez pas pris ce quiz